000 01290nam a2200313 i 4500
003 EG-GICUC
005 20260310130214.0
008 260121s1988 ua |||fr|||| 00| 0 ara d
040 _a EG-GICUC
_bara
_c EG-GICUC
_d EG-GICUC
_erda
082 0 4 _221
_a343.78
_bع ب . ن
092 0 4 _221
099 _aLaw1 10 343.78 ع ب . ن 1988
100 0 _aعبدالفتاح عثمان عبدالصمد
_eمؤلف.
245 1 0 _aنموذج عربى للرعاية اللاحقة للأحداث فى الوطن العربى /
_cتأليف الدكتور عبدالفتاح عثمان عبدالصمد.
250 _aالطبعة الثانية
264 1 _aالرياض :
_bالمركز العربى للدراسات الأمنية والتدريب،
_c1988.
300 _a142 صفحة؛
_c24 سم.
336 _2rda content
_atext
337 _2rda media
_aComputer
338 _2rda carrier
_aOnline Resource
504 _a ببليوجرافيا: صفحات133-137.
546 _aالنص باللغة العربية
650 1 _aالرعاية اللاحقة على الإفراج
_2qrmak
650 1 _aالقانون الجنائى
_2qrmak
651 1 _2qrmak
856 4 0 _uhttps://fll.law.cu.edu.eg/fulltext/bks/B10-07861.pdf
905 _a54
_eYara
942 _2ddc
_cBK
_e21
_n0
999 _c58336
_d58336